| 000 | 00710nam a22002297a 4500 | ||
|---|---|---|---|
| 001 | 00260 | ||
| 003 | DO-SdBNP | ||
| 005 | 20240724135502.0 | ||
| 008 | 151126b2001 sp | |||| 00| 0 spa d | ||
| 020 | _a846670079X | ||
| 040 |
_aBPMSU _bspa _cBPMSU |
||
| 082 | 4 |
_a808.83 _bM516c 2001 _222 |
|
| 245 | 0 | 0 |
_aLos mejores cuentos de nuestra vida / _cilustraciones Enrique Flores |
| 260 |
_aBarcelona : _bGrupo Anaya, _c2001 |
||
| 300 |
_a352 p. ; _c26 cm. |
||
| 590 |
_6Inventariado, 2022/VM _aInventariado, 2024/VM |
||
| 650 | 4 |
_aCuentos _vColecciones |
|
| 650 | 4 |
_vColecciones _aCuentos infantiles |
|
| 700 | 1 |
_3Flores, Enrique _eilustraciones |
|
| 910 | _aVMateo V. Control de calidad. BPMSU | ||
| 942 |
_2ddc _cBK |
||
| 999 |
_c14754 _d14754 |
||